[Event "Madrid Club Villaverde 2nd"]
[Site "Madrid"]
[Date "2007.10.29"]
[Round "5.4"]
[White "Ballesteros, David"]
[Black "Sanchez Garcia, Aurelio"]
[Result "1-0"]
[WhiteElo "2210"]
[BlackElo "2120"]
[PlyCount "85"]
[EventDate "2007.10.22"]
[EventType "swiss"]
[EventRounds "9"]
[EventCountry "ESP"]
[SourceTitle "EXT 2024"]
[Source "ChessBase"]
[SourceDate "2023.10.10"]
[SourceVersion "1"]
[SourceVersionDate "2023.10.10"]
[SourceQuality "1"]

1. d4 Nf6 2. c4 Nc6 3. d5 Ne5 4. e3 e6 5. dxe6 fxe6 6. Bd2 Be7 7. Bc3 Nf7 8. Bd3 0-0 9. Nf3 b6 10. Qc2 h6 11. Nh4 Nh8 12. Nd2 Bb7 13. 0-0-0 Ne4 14. Bxe4 Bxe4 15. Qxe4 Bxh4 16. Nf3 Bf6 17. Bxf6 Rxf6 18. Rxd7 Qxd7 19. Qxa8+ Rf8 20. Qe4 Nf7 21. Rd1 Nd6 22. b3 Rf5 23. Qc2 Qf7 24. e4 Ra5 25. e5 Qf4+ 26. Kb2 Nf7 27. Rd4 Qf5 28. Qxf5 exf5 29. Rd5 g5 30. e6 Nd6 31. Ne5 Rxd5 32. cxd5 Kf8 33. f3 a5 34. Kc3 Ke7 35. Nc4 Ne8 36. Kd4 Kf6 37. g3 Ng7 38. a4 Ne8 39. Ne5 Nd6 40. Nd7+ Ke7 41. Ke5 b5 42. axb5 Nxb5 43. Nb8 1-0

[Event "Madrid Club Villaverde 2nd"]
[Site "Madrid"]
[Date "2007.10.22"]
[Round "1.5"]
[White "Lopez de Turiso, Jose Angel"]
[Black "Ballesteros, David"]
[Result "0-1"]
[WhiteElo "2138"]
[BlackElo "2210"]
[PlyCount "50"]
[EventDate "2007.10.22"]
[EventType "swiss"]
[EventRounds "9"]
[EventCountry "ESP"]
[SourceTitle "EXT 2024"]
[Source "ChessBase"]
[SourceDate "2023.10.10"]
[SourceVersion "1"]
[SourceVersionDate "2023.10.10"]
[SourceQuality "1"]

1. d4 Nf6 2. c4 b6 3. Nc3 Bb7 4. d5 e6 5. e4 Bb4 6. e5 Ne4 7. Qd4 exd5 8. cxd5 Nxc3 9. bxc3 Bc5 10. Qg4 g6 11. Bc4 Qe7 12. Bg5 Qxe5+ 13. Kf1 0-0 14. Re1 Qxc3 15. Ne2 Qb2 16. Qh4 Re8 17. Bf6 Qc2 18. Ba1 Qf5 19. Nd4 Rxe1+ 20. Kxe1 Qe5+ 21. Kd2 Be7 22. Qh3 Bxd5 23. Bd3 Qg5+ 24. Kc2 Bxg2 25. f4 Qc5+ 0-1